Improvement of pharmaceutical characteristics of selected drugs through solid dispersion/cyclodextrin complexation (Record no. 356782)

MARC details
000 -LEADER
fixed length control field 00633nam a2200217 4500
005 - DATE & TIME
control field 20240911113013.0
008 - FIXED-LENGTH DATA ELEMENTS--GENERAL INFORMATION
fixed length control field 240911b |||||||| |||| 00| 0 eng d
020 ## - ISBN
International Standard Book Number X
Price [n.p]
040 ## - CATALOGING SOURCE
Original cataloging agency VIVEKANANDA LIBRARY
082 ## - DDC NUMBER
Classification number 615.19
Book Number R518I
100 ## - MAIN ENTRY--PERSONAL NAME
Personal name Ritu
245 ## - TITLE STATEMENT
Title Improvement of pharmaceutical characteristics of selected drugs through solid dispersion/cyclodextrin complexation
260 ## - PUBLICATION, DISTRIBUTION, ETC. (IMPRINT)
Name of publisher, distributor, etc Dept. of Pharmaceuticel sciences, M D University, Rohtak
Date of publication, distribution, etc 2023
300 ## - PHYSICAL DESCRIPTION
Pages x, 152
650 ## - Subject
Subject Pharmaceuticel sciences
650 ## - Subject
Subject Drugs
700 ## - Added Entry Personal Name
Added Entry Personal Name Kaushik, Deepak
700 ## - Added Entry Personal Name
Added Entry Personal Name Budhwar, Vikas
942 ## - ADDED ENTRY ELEMENTS (KOHA)
Koha item type Thesis
Holdings
Withdrawn status Lost status Source of classification or shelving scheme Damaged status Not for loan Location (home branch) Sublocation or collection (holding branch) Shelving location Date acquired Koha issues (times borrowed) Koha full call number Accession No. Koha date last seen Copy number Koha item type
    Dewey Decimal Classification     VIVEKANANDA LIBRARY VIVEKANANDA LIBRARY Vivekananda Library 11/09/2024   615.19 R518I 410638 11/09/2024 R Thesis
© Designed and Maintained by Vivekananda Library, MDU Rohtak